The biological basis of radiotherapy /

Enregistré dans:
Détails bibliographiques
Autres auteurs: Steel, G.G (Compilateur)
Format: Livre
Langue:anglais
Publié: Amsterdam : Elsevier, 1983
Édition:1.vyd.
Sujets:
Tags: Ajouter un tag
Pas de tags, Soyez le premier à ajouter un tag!

MARC

LEADER 00000nam a22000003a 4500
001 stu7876
005 20150617225806.3
008 950522s1983----ne------------------eng-d
020 |a 0-444-80511-7 
040 |a STU  |b slo 
041 0 |a eng 
044 |a ne 
080 |a 539.16.04 
080 |a 57.043 
080 |a 614.876 
080 |a 615.849 
084 |a A8760  |2 INS 
084 |a B7520C  |2 INS 
084 |a A6180  |2 INS 
084 |a A8750  |2 INS 
084 |a B7530  |2 INS 
100 1 |a Steel, G.G  |4 com 
245 1 |a The biological basis of radiotherapy /  |c Edit.: Steel,G.G. a kol 
250 |a 1.vyd. 
260 |a Amsterdam :  |b Elsevier,  |c 1983 
300 |a 336 s 
650 7 |a rádioterapia  |2 stusub 
650 7 |a rádiobiológia  |2 stusub 
650 7 |a biologické účinky radiácie  |2 stusub 
650 7 |a ionizujúce žiarenie  |2 stusub 
996 |b E79684  |c E*79684  |l EE10  |s P  |a 0  |w stu7876_0001